000 00642nam a22001577a 4500
008 160523b xxu||||| |||| 00| 0 eng d
082 _22007
_aUT 0054
_bAl71
100 _98773
_aPansacala, Adrian H.
245 _aMetacognitive skills and English and Mathematics proficiency of fourth year students of Matanao National High School/
_cAdrian H. Pansacala, Eleen Grene A. Alicaya and Josephine M. Mangaron.
260 _aDigos City:
_bUMDC
_cMarch 2007.
300 _a59 pages;
_c28 cm.
650 0 _98772
_aEducation
_xUndergraduate thesis.
700 _98770
_aAlicaya, Eleen Grene A.
700 _98771
_aMangaron, Josephine M.
942 _2ddc
_cUT
999 _c2668
_d2668